Statistics for top 100 tv shows of all time

Click here to take the quiz!

General Stats

  • This quiz has been taken 9 times
  • The average score is 3 of 100

Answer Stats

HinttypeAnswer% Correct
cbssitcomfriends
57%
foxcomedythe simpsons
57%
cartoon networksuperherobatman the animated series
29%
cbscomedysaturday night live
29%
cbsrealitysurvivor
29%
nbcrealityamericas got talent
14%
netflixmockuseriesarrested development
14%
nbcdramaer
14%
disney channelsitcomhannah montana
14%
nbccopslaw and order
14%
cbsactionmacgyver
14%
netflixhorrorstranger things
14%
the cwsuperherosupergirl
14%
the cwsuperherothe flash
14%
cbsmockuseriesthe office
14%
foxcops911
0%
cartoon networkactionadventure time
0%
abcdramaagents of shield
0%
abcrealityamericas funniest home videos
0%
disney channeldramaandi mack
0%
the cwsuperheroarrow
0%
pbshome designask this old house
0%
abcrealitybachelor
0%
abcrealitybachelorette
0%
the cwsuperherobatwoman
0%
the food networkcookingbeat bobby flay
0%
the cwsuperheroblack lightning
0%
tntcopsblue bloods
0%
cbssitcomboy meets world
0%
nbcdramabuffy the vampire
0%
pbskidscat in the hat knows a lot about that
0%
foxdramachicago fire
0%
foxcopschicago pd
0%
cartoon networkcomedyclarence
0%
foxmockuseriescommunity
0%
netflixsuperherodaredevil
0%
bbcdramadoctor who
0%
bbcdramadownton abbey
0%
the cwinterviewellen
0%
foxdramaempire
0%
disney channelsitcomeven stevens
0%
foxcomedyfamily guy
0%
cbssitcomfamily matters
0%
cbssitcomfamily ties
0%
freeformdramafosters
0%
nickelodeonsitcomfull house
0%
hboactiongame of thrones
0%
nickelodeonsitcomgame shakers
0%
nbcdramageneral hospital
0%
foxsuperherogotham
0%
netflixcomedygreen eggs and ham
0%
nbcdramagreys anatomy
0%
nickelodeonsuperherohenry danger
0%
disney plusdramahigh school musical the musical the series
0%
nickelodeonsitcomicarly
0%
the cwhorrori zombie
0%
disney channelsitcomjessie
0%
disney xdsuperherolab rats
0%
foxsitcomlast man standing
0%
the cwsuperherolegends of tomorrow
0%
foxrealtitylego masters
0%
disney channelsitcomliv and maddie
0%
disney channelsitcomlizzie macguire
0%
boomerangactionlooney tunes
0%
netflixdramalucifer
0%
cbscopsmagnum pi
0%
disney xdsuperheromarvel rising
0%
disney juniorkidsmickey mouse clubhouse
0%
netflixcookingnailed it
0%
pbskidsodd squad
0%
foxmockuseriesparks and recreation
0%
disney xdkidsphineas and ferb
0%
the cwhorrorriverdale
0%
cbssitcomroseanne
0%
cbssitcomsabrina the teenage witch
0%
nickelodeonsitcomsam and cat
0%
boomeranghorrorscooby doo
0%
nbcsitcomscrubs
0%
pbskidssesame street
0%
freeformhorrorsiren
0%
the cwsuperherosmallville
0%
cbsactionstar trek
0%
disney xdsuperherostar wars rebels
0%
cartoon networkcomedysteven universe
0%
disney channelsitcomsuite life on deck
0%
nickelodeonsuperheroteenage mutant ninja turtles
0%
cartoon networksuperheroteen titans
0%
disney channelsitcomthats so raven
0%
netflixcomedythe epic tales of captain underpants
0%
nbcdramathe good doctor
0%
disney juniorkidsthe lion guard
0%
disney plusdramathe mandalorian
0%
foxrealitythe masked singer
0%
hgtvhome designthe property brothers
0%
cartoon networkcomedythe regular show
0%
disney channelsitcomthe suite life of zack and cody
0%
nickelodeonsuperherothe thundermans
0%
bommerangactiontom and jerry
0%
cbsinterviewtonight with james corden
0%
cartoon networkdramatotal drama island
0%

Score Distribution

Percentile by Number Answered

Percent of People with Each Score

Your Score History

You have not taken this quiz